100 Biggest U.S. Cities - Whammies - Statistics

General Stats
  • This quiz has been taken 1,750 times
  • The average score is 50 of 100
Answer Stats
Population City State % Correct
8,804,199 New York NY
99%
3,898,841 Los Angeles CA
97%
2,746,352 Chicago IL
95%
2,300,833 Houston TX
93%
1,304,182 Dallas TX
92%
1,603,793 Philadelphia PA
90%
1,608,215 Phoenix AZ
90%
873,950 San Francisco CA
90%
442,260 Miami FL
89%
1,386,972 San Diego CA
88%
961,893 Austin TX
87%
737,018 Seattle WA
86%
678,617 Boston MA
83%
715,524 Denver CO
83%
644,883 Las Vegas NV
82%
1,434,306 San Antonio TX
81%
678,972 Washington DC
80%
652,521 Portland OR
78%
887,648 Indianapolis IN
77%
949,618 Jacksonville FL
76%
689,454 Nashville TN
76%
681,091 Oklahoma City OK
76%
498,736 Atlanta GA
75%
639,475 Detroit MI
75%
874,629 Charlotte NC
73%
1,013,241 San Jose CA
73%
905,939 Columbus OH
72%
507,978 Kansas City MO
72%
372,596 Cleveland OH
71%
524,925 Sacramento CA
71%
585,690 Baltimore MD
70%
635,425 Memphis TN
69%
918,907 Fort Worth TX
68%
429,988 Minneapolis MN
68%
307,763 Orlando FL
68%
678,862 El Paso TX
67%
577,893 Milwaukee WI
67%
384,662 Tampa FL
67%
309,567 Cincinnati OH
65%
564,584 Albuquerque NM
64%
467,867 Raleigh NC
63%
631,976 Louisville KY
62%
301,565 St. Louis MO
62%
383,997 New Orleans LA
61%
542,658 Tucson AZ
59%
302,955 Pittsburgh PA
58%
491,870 Omaha NE
55%
413,144 Tulsa OK
52%
479,021 Colorado Springs CO
51%
542,248 Fresno CA
50%
350,963 Honolulu HI
49%
440,669 Oakland CA
47%
459,476 Virginia Beach VA
47%
504,296 Mesa AZ
43%
311,553 Newark NJ
42%
311,516 St. Paul MN
42%
397,547 Wichita KS
41%
226,548 Richmond VA
40%
404,448 Bakersfield CA
39%
278,290 Buffalo NY
37%
264,146 Reno NV
37%
466,772 Long Beach CA
35%
322,564 Lexington KY
33%
291,138 Lincoln NE
31%
274,644 Madison WI
31%
346,816 Anaheim CA
30%
394,265 Arlington TX
29%
235,719 Boise ID
28%
292,751 Jersey City NJ
28%
315,015 Riverside CA
28%
286,075 Anchorage AK
27%
317,863 Corpus Christi TX
27%
386,325 Aurora CO
26%
283,662 Durham NC
25%
299,182 Greensboro NC
25%
317,321 Henderson NV
25%
226,916 Baton Rouge LA
24%
320,806 Stockton CA
23%
270,880 Toledo OH
23%
259,525 North Las Vegas NV
21%
228,978 Spokane WA
21%
310,557 Santa Ana CA
20%
276,011 Chandler AZ
18%
263,909 Fort Wayne IN
18%
238,003 Norfolk VA
18%
241,340 Scottsdale AZ
18%
249,558 Winston-Salem NC
18%
257,179 Lubbock TX
17%
285,465 Plano TX
17%
248,403 Glendale AZ
16%
307,675 Irvine CA
16%
267,931 Gilbert AZ
14%
255,208 Laredo TX
14%
258,354 St. Petersburg FL
14%
275,499 Chula Vista CA
13%
249,369 Chesapeake VA
11%
256,691 Irving TX
11%
230,494 Fremont CA
9%
246,121 Garland TX
9%
232,804 Santa Clarita CA
5%
No matching quizzes found
Score Distribution
Percent of People with Each Score
Percentile by Number Answered
Your Score History
You have not taken this quiz